00668 2200253 4500001002100000005001500021035002500036008004100061041000800102082001000110090001000120100002000130245005700150250001600207260006200223300005500285650002300340020000600363084001600369700000600385520000600391856000600397990001100403INLIS00000000001926620241002023001 a0010-051300000019266241002 g 0 ind  aind a304.6 a304.6 aProbo Yulastoro1 aCilacap Dalam Angka 2008 :b- /cBappeda Kab.Cilacap aCetakan : 1 aCilacap :bBadan Pusat Statistik Kabupaten Cilacap,c2008 axiii, 473 hlm. ;20 cm. :bilustrasi ;c16x21 cme- 4aStatistik Penduduk a- a304.6 PRO c0 a- a- a- a1318/H